000 00255nam a22001217a 4500
008 171227b xxu||||| |||| 00| 0 eng d
041 _aeng
080 _a61
100 _a3
101 _aMJE
245 _aHEALTH PEOPLE
_cRICHMOND.J.B
942 _2udc
_cBK
999 _c39489
_d39489